000 00756nam a2200193Ia 4500
008 151119s9999||||xx |||||||||||||| ||und||
082 _a618
082 _bGKKV2347
100 _aअनुभवी तज्ञ
245 _aस्त्रियांचा पुनर्जन्म गर्भारपण बाळंतपण
260 _a--
260 _b--
260 _c1983
600 _aअनुभवी तज्ञ
630 _aस्त्रियांचा पुनर्जन्म गर्भारपण बाळंतपण
700 _aअनुभवी तज्ञ
730 _aस्त्रियांचा पुनर्जन्म गर्भारपण बाळंतपण
942 _cBOOK
999 _c1058345
_d1058342